000 00855nam a22002657a 4500
999 _c403937
_d403937
001 117885
003 UA-OsUOA
005 20200219144102.0
007 ta
008 20160621b un ||||| |||| 00| 0 ukr d
020 _a9666200783
040 _aUA-OsUOA
_bukr
_cUA-OsUOA
_dUA-OsUOA
041 _aukr
044 _aUA
080 _a340.12(091)(477)(075.8)
090 _a340.12(091)(477)(075.8)
_bМ89
100 _aМузиченко П. П.
245 _aІсторія держави і права України
_bнавч. посіб.
260 _aК.
_bЗнання
_c2001
300 _a429 с.
650 7 _a340 Право в цілому. Пропедевтика. Методи та допоміжні правничі науки
_2UDC
942 _cBK
_2udc
955 _a2